Statistics for Foreign Embassies in France

Click here to take the quiz!

General Stats

  • This quiz has been taken 48 times
  • The average score is 116 of 155

Answer Stats

Country with an Embassy in France% Correct
Germany
94%
United Kingdom
94%
United States
94%
Canada
91%
China
91%
Cuba
91%
Spain
91%
Algeria
88%
Argentina
88%
Denmark
88%
Italy
88%
Netherlands
88%
Sweden
88%
Australia
85%
Austria
85%
Belgium
85%
Finland
85%
Kazakhstan
85%
Mexico
85%
Morocco
85%
Poland
85%
Portugal
85%
Russia
85%
Switzerland
85%
Turkey
85%
Afghanistan
82%
Brazil
82%
Guatemala
82%
India
82%
Iran
82%
Iraq
82%
Ireland
82%
Japan
82%
Norway
82%
South Africa
82%
South Korea
82%
Tunisia
82%
Ukraine
82%
Andorra
79%
Azerbaijan
79%
Bangladesh
79%
Belarus
79%
Bolivia
79%
Colombia
79%
Dominican Republic
79%
Ecuador
79%
Estonia
79%
Greece
79%
Iceland
79%
Indonesia
79%
Israel
79%
Latvia
79%
Lithuania
79%
Luxembourg
79%
Niger
79%
Oman
79%
Peru
79%
Qatar
79%
Saudi Arabia
79%
Somalia
79%
Sudan
79%
Thailand
79%
Turkmenistan
79%
Venezuela
79%
Vietnam
79%
Angola
76%
Armenia
76%
Bahrain
76%
Cambodia
76%
Chile
76%
Czech Republic
76%
Egypt
76%
Hungary
76%
Malta
76%
New Zealand
76%
Nicaragua
76%
Republic of the Congo
76%
Serbia
76%
Slovakia
76%
Syria
76%
Albania
74%
Bosnia and Herzegovina
74%
Costa Rica
74%
Ethiopia
74%
Jordan
74%
Laos
74%
Lebanon
74%
Moldova
74%
Mongolia
74%
Myanmar
74%
Pakistan
74%
Panama
74%
Romania
74%
Singapore
74%
Slovenia
74%
Uganda
74%
United Arab Emirates
74%
Uruguay
74%
Yemen
74%
Benin
71%
Brunei
71%
Bulgaria
71%
Chad
71%
El Salvador
71%
Eritrea
71%
Haiti
71%
Kenya
71%
Libya
71%
Malaysia
71%
Mali
71%
Monaco
71%
Nepal
71%
Paraguay
71%
South Sudan
71%
Tanzania
71%
Zambia
71%
Cameroon
68%
Djibouti
68%
Georgia
68%
Guinea
68%
Honduras
68%
Kuwait
68%
Mozambique
68%
Senegal
68%
Sri Lanka
68%
Suriname
68%
Togo
68%
Vatican City
68%
Burundi
65%
Comoros
65%
Croatia
65%
Liberia
65%
Namibia
65%
Rwanda
65%
Tajikistan
65%
Uzbekistan
65%
Zimbabwe
65%
Burkina Faso
62%
Central African Republic
62%
Cyprus
62%
Gabon
62%
Gambia
62%
Macedonia
62%
Madagascar
62%
Mauritania
62%
Montenegro
62%
Philippines
62%
San Marino
62%
Seychelles
62%
Guinea-Bissau
59%
Mauritius
59%
Ivory Coast
56%
Cape Verde
53%
Equatorial Guinea
53%
Palestine
44%

Score Distribution

Percentile by Number Answered

Percent of People with Each Score

Your Score History

You have not taken this quiz